[Event "GER CM06-C email"]
[Site "GER email"]
[Date "2019.06.19"]
[Round "?"]
[White "Enkalo, Mykola"]
[Black "Ferreira, Joao Manuel Guerrei"]
[Result "1/2-1/2"]
[WhiteElo "2372"]
[BlackElo "2343"]
[PlyCount "93"]
[EventDate "2019.??.??"]
[EventType "tourn (corr)"]
[EventRounds "13"]
[EventCountry "GER"]
[SourceTitle "Corr 2024"]
[Source "ChessBase"]
[SourceDate "2023.10.19"]
[SourceVersion "1"]
[SourceVersionDate "2023.10.19"]
[SourceQuality "1"]

1. d4 d5 2. c4 c6 3. Nf3 Nf6 4. Nc3 e6 5. Bg5 h6 6. Bh4 dxc4 7. e4 g5 8. Bg3 b5 9. Be2 Bb7 10. h4 g4 11. Ne5 Nbd7 12. Nxd7 Qxd7 13. Be5 Qe7 14. b3 Rg8 15. Qc2 Nd7 16. Bg3 e5 17. d5 cxd5 18. Nxd5 Qc5 19. bxc4 f5 20. h5 Rc8 21. Rb1 f4 22. Bh4 f3 23. gxf3 gxf3 24. Bxf3 Qxc4 25. Qxc4 Rxc4 26. Rxb5 Bc6 27. Ra5 Bc5 28. Ra6 Bxd5 29. exd5 Bb6 30. Ra3 Rf8 31. Rh3 Rff4 32. Bg3 Rfd4 33. Kf1 e4 34. Be2 Rc1+ 35. Kg2 Rc2 36. Re3 Nf6 37. Bb5+ Kf7 38. Re2 Rc5 39. Bc6 Nxd5 40. Bxd5+ Rdxd5 41. Rh4 Rxh5 42. Rhxe4 Rhg5 43. a4 Rc6 44. Re8 Kg6 45. R2e4 Kf7 46. R4e7+ Kg6 47. Rd7 1/2-1/2

[Event "GER CM06-C email"]
[Site "GER email"]
[Date "2019.06.19"]
[Round "?"]
[White "Ferreira, Joao Manuel Guerrei"]
[Black "Burgos Garbin, Francisco"]
[Result "1/2-1/2"]
[WhiteElo "2343"]
[BlackElo "2373"]
[PlyCount "83"]
[EventDate "2019.??.??"]
[EventType "tourn (corr)"]
[EventRounds "13"]
[EventCountry "GER"]
[SourceTitle "Corr 2024"]
[Source "ChessBase"]
[SourceDate "2023.10.19"]
[SourceVersion "1"]
[SourceVersionDate "2023.10.19"]
[SourceQuality "1"]

1. e4 c5 2. Nf3 d6 3. d4 cxd4 4. Nxd4 Nf6 5. Nc3 a6 6. Be3 e5 7. Nb3 Be6 8. f3 Be7 9. Qd2 0-0 10. 0-0-0 Nbd7 11. g4 b5 12. g5 b4 13. Ne2 Ne8 14. f4 a5 15. f5 a4 16. Nbd4 exd4 17. Nxd4 b3 18. Kb1 bxc2+ 19. Nxc2 Bb3 20. axb3 axb3 21. Na3 Ne5 22. h4 Ra4 23. Rh3 Qa8 24. Qd5 Rxa3 25. bxa3 Qxa3 26. Qd2 Nf6 27. Bd4 Nfd7 28. Qb2 Qa8 29. Re3 Rb8 30. Rc1 Nc6 31. Bxg7 Nc5 32. Qa1 Qa2+ 33. Qxa2 bxa2+ 34. Kxa2 Kxg7 35. f6+ Bxf6 36. gxf6+ Kxf6 37. Rf3+ Ke5 38. Rxf7 Ra8+ 39. Kb2 Rb8+ 40. Kc2 Nd4+ 41. Kd1 Rb2 42. Rc3 1/2-1/2

[Event "GER CM06-C email"]
[Site "GER email"]
[Date "2019.06.19"]
[Round "?"]
[White "Ferreira, Joao Manuel Guerrei"]
[Black "Shuler, James"]
[Result "1/2-1/2"]
[WhiteElo "2343"]
[BlackElo "2373"]
[PlyCount "73"]
[EventDate "2019.??.??"]
[EventType "tourn (corr)"]
[EventRounds "13"]
[EventCountry "GER"]
[SourceTitle "Corr 2024"]
[Source "ChessBase"]
[SourceDate "2023.10.19"]
[SourceVersion "1"]
[SourceVersionDate "2023.10.19"]
[SourceQuality "1"]

1. e4 c5 2. Nf3 Nc6 3. d4 cxd4 4. Nxd4 Nf6 5. Nc3 e5 6. Ndb5 d6 7. Nd5 Nxd5 8. exd5 Nb8 9. a4 Be7 10. Be2 0-0 11. 0-0 Nd7 12. Bd2 a6 13. Na3 a5 14. f4 Nb6 15. c4 exf4 16. Bxf4 Nd7 17. Nb5 Nc5 18. Bd3 Bd7 19. Bc2 Bxb5 20. axb5 Nd7 21. Ra3 g6 22. Kh1 Rc8 23. b3 b6 24. Ra2 Ne5 25. Qd4 Bf6 26. Qe3 Qc7 27. Qg3 Rce8 28. Bd1 Bg7 29. h3 f5 30. Re2 Rc8 31. Rc2 Rce8 32. Re2 Qf7 33. Rfe1 Qe7 34. Bc2 Qd8 35. Be3 Rf7 36. Rf1 Ref8 37. Bf4 1/2-1/2

[Event "GER CM06-C email"]
[Site "GER email"]
[Date "2019.06.19"]
[Round "?"]
[White "Ferreira, Joao Manuel Guerrei"]
[Black "Zorr, Steffen"]
[Result "1/2-1/2"]
[WhiteElo "2343"]
[BlackElo "2345"]
[PlyCount "123"]
[EventDate "2019.??.??"]
[EventType "tourn (corr)"]
[EventRounds "13"]
[EventCountry "GER"]
[SourceTitle "Corr 2024"]
[Source "ChessBase"]
[SourceDate "2023.10.19"]
[SourceVersion "1"]
[SourceVersionDate "2023.10.19"]
[SourceQuality "1"]

1. e4 e6 2. d4 d5 3. Nc3 Bb4 4. e5 c5 5. a3 Bxc3+ 6. bxc3 Ne7 7. Qg4 0-0 8. Bd3 f5 9. exf6 Rxf6 10. Bg5 Rf7 11. Qh5 g6 12. Qd1 Qa5 13. Bd2 Nbc6 14. Nf3 c4 15. Be2 Nf5 16. 0-0 Bd7 17. Re1 Re8 18. a4 Nd6 19. Bf1 Bc8 20. h3 Ref8 21. Bh6 Rxf3 22. gxf3 Qxc3 23. Bxf8 Kxf8 24. Re3 Qxd4 25. Bg2 Nf5 26. Re1 Qxd1 27. Raxd1 Nb4 28. Re2 Na2 29. Ra1 Nc3 30. Re5 Nd4 31. Kh2 Bd7 32. a5 Nxc2 33. Rc1 Ba4 34. f4 Na2 35. Rg1 Kf7 36. Rxd5 exd5 37. Bxd5+ Kf6 38. Bxc4 Nd4 39. Rb1 Nf3+ 40. Kg3 Nd2 41. Rxb7 Nxc4 42. Rxa7 Nc3 43. a6 Ne2+ 44. Kh2 Bc6 45. Rc7 Bd5 46. Rd7 Ke6 47. Rd8 Nxf4 48. Rb8 Nd6 49. a7 Ke5 50. Kg3 h5 51. a8Q Bxa8 52. Rxa8 Nf5+ 53. Kh2 h4 54. Ra3 Nd4 55. Kg1 Nde6 56. Ra5+ Kf6 57. Ra6 Nxh3+ 58. Kg2 Nhf4+ 59. Kf3 Nd3 60. Kg4 g5 61. f4 Ndxf4 62. Ra5 1/2-1/2

[Event "GER CM06-C email"]
[Site "GER email"]
[Date "2019.06.19"]
[Round "?"]
[White "Kostanjsek, Zorko"]
[Black "Ferreira, Joao Manuel Guerrei"]
[Result "1/2-1/2"]
[WhiteElo "2355"]
[BlackElo "2343"]
[PlyCount "31"]
[EventDate "2019.??.??"]
[EventType "tourn (corr)"]
[EventRounds "13"]
[EventCountry "GER"]
[SourceTitle "Corr 2024"]
[Source "ChessBase"]
[SourceDate "2023.10.19"]
[SourceVersion "1"]
[SourceVersionDate "2023.10.19"]
[SourceQuality "1"]

1. d4 d5 2. Nf3 Nf6 3. Bf4 c5 4. e3 Nc6 5. dxc5 e6 6. c4 Bxc5 7. Nc3 0-0 8. Be2 dxc4 9. Bxc4 a6 10. 0-0 b5 11. Bd3 Nb4 12. Be2 Bb7 13. a4 Qxd1 14. Rfxd1 Nfd5 15. Be5 Nxc3 16. bxc3 1/2-1/2

[Event "GER CM06-C email"]
[Site "GER email"]
[Date "2019.06.19"]
[Round "?"]
[White "Sherwood, Russell"]
[Black "Ferreira, Joao Manuel Guerrei"]
[Result "1/2-1/2"]
[WhiteElo "2373"]
[BlackElo "2343"]
[PlyCount "57"]
[EventDate "2019.??.??"]
[EventType "tourn (corr)"]
[EventRounds "13"]
[EventCountry "GER"]
[SourceTitle "Corr 2024"]
[Source "ChessBase"]
[SourceDate "2023.10.19"]
[SourceVersion "1"]
[SourceVersionDate "2023.10.19"]
[SourceQuality "1"]

1. d4 d5 2. c4 c6 3. Nf3 Nf6 4. Nc3 e6 5. Bg5 h6 6. Bh4 dxc4 7. e4 g5 8. Bg3 b5 9. Be2 Bb7 10. h4 g4 11. Ne5 Nbd7 12. Nxd7 Qxd7 13. Be5 Qe7 14. b3 Rg8 15. 0-0 Bg7 16. Qc2 Nh5 17. Bxg7 Rxg7 18. g3 Qd6 19. e5 Qxd4 20. Rad1 Qxe5 21. Ne4 Kf8 22. Rfe1 c5 23. Bxc4 bxc4 24. Nd6 Qf6 25. Nxb7 Qf3 26. Qd2 Qxb7 27. Qxh6 Nxg3 28. fxg3 Kg8 29. bxc4 1/2-1/2

[Event "GER CM06-C email"]
[Site "GER email"]
[Date "2019.06.19"]
[Round "?"]
[White "Weber, Karlheinz"]
[Black "Ferreira, Joao Manuel Guerrei"]
[Result "1/2-1/2"]
[WhiteElo "2359"]
[BlackElo "2343"]
[PlyCount "50"]
[EventDate "2019.??.??"]
[EventType "tourn (corr)"]
[EventRounds "13"]
[EventCountry "GER"]
[SourceTitle "Corr 2024"]
[Source "ChessBase"]
[SourceDate "2023.10.19"]
[SourceVersion "1"]
[SourceVersionDate "2023.10.19"]
[SourceQuality "1"]

1. d4 d5 2. c4 c6 3. Nf3 Nf6 4. Nc3 e6 5. Bg5 h6 6. Bxf6 Qxf6 7. e3 Nd7 8. Be2 dxc4 9. Bxc4 g6 10. 0-0 Bg7 11. Rc1 0-0 12. e4 e5 13. d5 Rd8 14. Re1 Nb6 15. Bb3 h5 16. h3 Bh6 17. Ra1 Bd7 18. dxc6 Bxc6 19. Qc2 Rac8 20. Rad1 Qe7 21. Rxd8+ Rxd8 22. a3 Rd7 23. Rd1 Rxd1+ 24. Qxd1 Qc7 25. g3 a5 1/2-1/2

[Event "GER CM06-C email"]
[Site "GER email"]
[Date "2019.06.19"]
[Round "?"]
[White "Woelfelschneider, Peter"]
[Black "Ferreira, Joao Manuel Guerrei"]
[Result "1/2-1/2"]
[WhiteElo "2344"]
[BlackElo "2343"]
[PlyCount "54"]
[EventDate "2019.??.??"]
[EventType "tourn (corr)"]
[EventRounds "13"]
[EventCountry "GER"]
[SourceTitle "Corr 2024"]
[Source "ChessBase"]
[SourceDate "2023.10.19"]
[SourceVersion "1"]
[SourceVersionDate "2023.10.19"]
[SourceQuality "1"]

1. c4 e5 2. Nc3 Nf6 3. Nf3 Nc6 4. e3 Bb4 5. Qc2 Bxc3 6. Qxc3 Qe7 7. a3 d5 8. d4 exd4 9. Nxd4 Nxd4 10. Qxd4 0-0 11. Be2 c5 12. Qh4 dxc4 13. Qxc4 Rd8 14. f3 Be6 15. Qc2 Nd7 16. 0-0 c4 17. Bd2 Qc5 18. Kh1 Rac8 19. e4 Ne5 20. Bc3 Nd3 21. Bxd3 cxd3 22. Qd2 Bc4 23. Rfe1 Re8 24. e5 Rcd8 25. h3 Qc8 26. Re4 Rd7 27. Re3 Rde7 1/2-1/2